Modun Baer và tựa Baer

Kiến thức chuẩn bị; Môđun Baer; Môđun tựa-Baer; ...

Guardat en:
Dades bibliogràfiques
Autor principal: Nguyễn Thế Việt
Altres autors: Trương Công Quỳnh TS. (Hướng dẫn)
Format: Llibre
Idioma:Vietnamese
Publicat: Đà Nẵng Đại học Đà Nẵng 2014
Matèries:
Etiquetes: Afegir etiqueta
Sense etiquetes, Sigues el primer a etiquetar aquest registre!
Thư viện lưu trữ: Mạng thư viện Đại học Đà Nẵng
LEADER 01480nam a2200361 4500
001 000019993
003 16434
005 20150309100337.0
008 141216s2014 viesd
041 |a vie 
082 1 4 |a 512.42  |b NG-V 
100 1 |a Nguyễn Thế Việt 
245 1 |a Modun Baer và tựa Baer  |c Nguyễn Thế Việt ; Trương Công Quỳnh hướng dẫn.  |k Luận văn Thạc sĩ 
260 |a Đà Nẵng  |b Đại học Đà Nẵng  |c 2014 
300 |a 44 tr., phụ lục 3 tr.  |c 29 cm.  |e Tóm tắt 
500 |a Luận văn thạc sĩ Khoa học. Chuyên ngành: Phương pháp toán sơ cấp. Mã số: 60.46.40. 
520 |a Kiến thức chuẩn bị; Môđun Baer; Môđun tựa-Baer; ... 
650 0 4 |a Modun Baer  |v Luận văn tốt nghiệp  |x Nghiên cứu 
650 0 4 |a Modun tựa Baer  |v Luận văn tốt nghiệp  |x Nghiên cứu 
653 |a Modun tựa Baer 
653 |a Toán học 
653 |a Modun Baer 
700 1 |a Trương Công Quỳnh  |c TS.  |e Hướng dẫn 
OWN |a LSP 
AVA |a UDN50  |b LSP  |d 512.42 NG-V  |e available  |t Error 5001 Not defined in file expand_doc_bib_avail.  |f 1  |g 0  |h N  |i 0  |k 1 
999 |a From the UDN01 
AVA |a UDN50  |b LSP  |d 512.42 NG-V  |e available  |t Error 5001 Not defined in file expand_doc_bib_avail.  |f 1  |g 0  |h N  |i 0  |k 1 
TYP |a Monograph 
TYP |a Printed language 
980 |a Mạng thư viện Đại học Đà Nẵng